000 00335 a2200157 4500
001 61969
020 _a9788520933107
040 _cAnchieta - Pituba
100 _aMartel, Yann
240 1 0 _aAs aventuras de Pi
_lpor
245 1 0 _aAs aventuras de Pi
300 _a371
362 0 _a2012
650 4 _aRomance canadense
942 _cBK
999 _c61969
_d61969